000 00739cam a2200241 4500500
005 20260329005646.0
041 _afre
042 _adc
100 1 0 _aEnjalbert, Cédric
_eauthor
245 0 0 _aAlexis Lavis : “Dans la méditation, on ne s’améliore pas, on s’altère”
260 _c2024.
500 _a88
690 _aAlexis Lavis
690 _aAmélioration
690 _aAsie
690 _aCédric Enjalbert
690 _aChine
690 _aCompétition
690 _améditation
690 _aPerfectibilité
786 0 _nPhilosophie magazine | 181 | 6 | 2024-07-01 | p. 59-59 | 1951-1787
856 4 1 _uhttps://shs.cairn.info/magazine-philosophie-magazine-2024-6-page-59?lang=fr&redirect-ssocas=7080
999 _c1845344
_d1845344